000 01108nas a2200361 4500
001 BR2011002195
003 BR-BrBNA
005 20231205114551.0
007 ta
008 230509b bl.|||p| |||| 00| 00por d
040 _aBR-BrBNA
_bpor
_cBiblioteca Nacional de Agricultura
041 _a(Pt)
072 _aL51; Q54
100 1 _aOliveira, B.M.L.
100 1 _aBitencourt, L.L.
100 1 _aSilva, J.R.M.
100 1 _aDias Júnior, G.S.
100 1 _aBranco, I.C.C.
100 1 _aPereira, R.A.N.
100 1 _aPereira, M.N.
245 1 _aSuplementação de vacas leiteiras com Saccharomyces cerevisiae cepa KA500
650 _aVACA LEITEIRA
650 _aSACCHAROMYCES CEREVISIAE
650 _aLEVEDO
650 _aSUPLEMENTO ALIMENTAR
650 _aDIGESTIBILIDADE
650 _aCOMPOSIÇÃO DE ALIMENTO
650 _aPRODUÇÃO LEITEIRA
650 _aDIETA
773 0 _tArquivo Brasileiro de Medicina Veterinária e Zootecnia (Brazil)
_xISSN 0102-0935
_g(Oct 2010), v. 62(5) p. 1174-1182
_wBR2011002195
909 _a202311
_bLúcia
_c55
_dLúcia Elande
942 _2AGRIS
_n0
_cANA
999 _c209355
_d209355